| 000 | 00566 a2200169 4500 | ||
|---|---|---|---|
| 999 |
_c2251 _d2251 |
||
| 020 | _a9781526424020 | ||
| 050 | _aLB 1028 GET 2019 | ||
| 100 |
_aOpie, Clive _eEditor |
||
| 245 | 0 | 0 |
_aGetting started in your educational research : _bdesgn, data production and analysis / _cedited by Clive Opie and Desma Brown |
| 264 | 1 |
_aThousand Oaks, CA: _bSAGE Pub, _c2019 |
|
| 300 |
_axi, 354p. : _bill. |
||
| 500 | _aIncludes index | ||
| 650 |
_aEducation _xResearch--Methodology |
||
| 700 |
_aBrown, Desma _eEditor |
||
| 942 |
_2lcc _cBK _h1028 _iGET _kLB |
||